| 000 | 00658nam a22002177a 4500 | ||
|---|---|---|---|
| 999 |
_c3646 _d3646 |
||
| 003 | OSt | ||
| 005 | 20240405090459.0 | ||
| 008 | 240405b ||||| |||| 00| 0 eng d | ||
| 020 | _a9781108810906 | ||
| 040 | _cKH8 | ||
| 082 | _a428.24 BOY | ||
| 100 |
_aBoylan, Jane, _eauthor. |
||
| 245 |
_aCambridge Global English : _bWorkbook 6 / _cJane Boylan & Claire Medwell. |
||
| 260 |
_aUnited Kingdom; _bCambridge University Press, _c2022. |
||
| 300 |
_a116 pages: _billustrations. |
||
| 500 | _aIncludes digital access. | ||
| 650 |
_aEnglish language _vWorkbook |
||
| 700 |
_aMedwell, Claire, _dauthor. |
||
| 700 |
_aHarper, Kathryn, _eeditor. |
||
| 942 |
_2ddc _cTR |
||